000
00275nam a22001097a 4500
082
_a
621.3 SHO'W
100
_a
SHOTTON, A. C
_9
56620
245
_a
WORKED EXAMPLES IN ELECTRO TECHNOLOGY WITH GRADED EXCERCISE
260
_a
LONDON
_b
GEORGE
_c
1957
300
_a
240P
942
_c
BK
999
_c
566996
_d
566996